000
00230 a2200097 4500
001
13835
100
_a
Lawden D F
245
_a
Mathematics of Engineering System
260
_a
London
_b
C Tinling & Co. Ltd
_c
090
_c
10813
_d
10813
942
_a
NUST-CAE
_c
M
_c
907
999
_c
248908
_d
248908